<?xml version="1.0" encoding="UTF-8"?>
<collection xmlns="http://www.loc.gov/MARC21/slim">
<record>
  <controlfield tag="001">164112</controlfield>
  <controlfield tag="005">20251121161351.0</controlfield>
  <datafield tag="024" ind1="8" ind2=" ">
    <subfield code="2">sideral</subfield>
    <subfield code="a">146224</subfield>
  </datafield>
  <datafield tag="037" ind1=" " ind2=" ">
    <subfield code="a">ART-2025-146224</subfield>
  </datafield>
  <datafield tag="041" ind1=" " ind2=" ">
    <subfield code="a">spa</subfield>
  </datafield>
  <datafield tag="100" ind1=" " ind2=" ">
    <subfield code="a">Pérez Gallo, Víctor Hugo</subfield>
    <subfield code="u">Universidad de Zaragoza</subfield>
    <subfield code="0">(orcid)0000-0003-1452-2531</subfield>
  </datafield>
  <datafield tag="245" ind1=" " ind2=" ">
    <subfield code="a">La sociología del conocimiento: herramientas epistémicas para "desenmascarar" las narrativas de la extrema derecha</subfield>
  </datafield>
  <datafield tag="260" ind1=" " ind2=" ">
    <subfield code="c">2025</subfield>
  </datafield>
  <datafield tag="520" ind1="3" ind2=" ">
    <subfield code="a">El presente artículo teórico tiene como objetivos principales analizar críticamente las narrativas y discursos utilizados por grupos de extrema derecha en la actualidad, comprender los mecanismos sociales y psicológicos que subyacen a la construcción y difusión de estas narrativas, y brindar herramientas epistemológicas para desarticular dichas narrativas. Se ha recurrido a un enfoque interdisciplinario que combina herramientas de la sociología del conocimiento, el constructivismo y la psicología social, triangulando diversas fuentes de información cualitativas, como el análisis de contenido de material propagandístico, el análisis de la literatura especializada y datos secundarios sobre tendencias electorales. Los principales resultados incluyen la identificación de patrones recurrentes en las narrativas de la extrema derecha, el análisis de los mecanismos psicosociales que facilitan su difusión y aceptación, y la construcción de pautas epistemológicas para la desarticulación de las narrativas de la extrema derecha en algunos campos de lucha. El autor destaca que la sociología del conocimiento ofrece herramientas valiosas para desenmascarar y desarticular las narrativas de la extrema derecha, y enfatiza la necesidad de fortalecer la educación crítica, así como la necesidad de que las personas que integran movimientos de izquierda adquieran disposiciones, habilidades y saberes (habitus) que les permitan enfrentarse gnoseológicamente a las narrativas de la extrema derecha.</subfield>
  </datafield>
  <datafield tag="506" ind1="0" ind2=" ">
    <subfield code="a">Access copy available to the general public</subfield>
    <subfield code="f">Unrestricted</subfield>
  </datafield>
  <datafield tag="540" ind1=" " ind2=" ">
    <subfield code="9">info:eu-repo/semantics/openAccess</subfield>
    <subfield code="a">by-nc</subfield>
    <subfield code="u">https://creativecommons.org/licenses/by-nc/4.0/deed.es</subfield>
  </datafield>
  <datafield tag="655" ind1=" " ind2="4">
    <subfield code="a">info:eu-repo/semantics/article</subfield>
    <subfield code="v">info:eu-repo/semantics/publishedVersion</subfield>
  </datafield>
  <datafield tag="710" ind1="2" ind2=" ">
    <subfield code="1">4009</subfield>
    <subfield code="2">775</subfield>
    <subfield code="a">Universidad de Zaragoza</subfield>
    <subfield code="b">Dpto. Psicología y Sociología</subfield>
    <subfield code="c">Área Sociología</subfield>
  </datafield>
  <datafield tag="773" ind1=" " ind2=" ">
    <subfield code="g">25, 2 (2025), r2505 [20 pp.]</subfield>
    <subfield code="p">Encrucijadas (Salamanca)</subfield>
    <subfield code="t">Encrucijadas (Salamanca)</subfield>
    <subfield code="x">2174-7148</subfield>
  </datafield>
  <datafield tag="856" ind1="4" ind2="1">
    <subfield code="u">https://recyt.fecyt.es/index.php/encrucijadas/article/view/112365</subfield>
    <subfield code="z">Texto completo de la revista</subfield>
  </datafield>
  <datafield tag="856" ind1="4" ind2=" ">
    <subfield code="s">213660</subfield>
    <subfield code="u">http://zaguan.unizar.es/record/164112/files/texto_completo.pdf</subfield>
    <subfield code="y">Versión publicada</subfield>
  </datafield>
  <datafield tag="856" ind1="4" ind2=" ">
    <subfield code="s">1954350</subfield>
    <subfield code="u">http://zaguan.unizar.es/record/164112/files/texto_completo.jpg?subformat=icon</subfield>
    <subfield code="x">icon</subfield>
    <subfield code="y">Versión publicada</subfield>
  </datafield>
  <datafield tag="909" ind1="C" ind2="O">
    <subfield code="o">oai:zaguan.unizar.es:164112</subfield>
    <subfield code="p">articulos</subfield>
    <subfield code="p">driver</subfield>
  </datafield>
  <datafield tag="951" ind1=" " ind2=" ">
    <subfield code="a">2025-11-21-14:26:45</subfield>
  </datafield>
  <datafield tag="980" ind1=" " ind2=" ">
    <subfield code="a">ARTICLE</subfield>
  </datafield>
</record>
</collection>